000 00361 a2200121 4500
001 ART_3554
005 20260410161716.0
008 260409a
245 1 0 _aEl stock de capital en la Argentina
100 1 _aGoldberg, Samuel
700 1 _aBenencia, Roberto
773 0 _tDesarrollo económico
_g- Vol. 28, Nº 110 (jul./sep. 1988)
_wREV1174
999 _c16501
_d16501